Clubs de football par stade - Statistiques

Statistiques générales
  • Ce quiz a été pris 4 633 fois
    1 109 depuis la dernière actualisation
  • Le résultat moyen est 21 sur 26
Statistiques - réponses
Stades Clubs % Correct
Camp Nou FC Barcelone
99%
Anfield Liverpool
97%
Orange Vélodrome Olympique de Marseille
96%
Parc des Princes Paris Saint-Germain
96%
Allianz Arena Bayern Munich
94%
Old Trafford Manchester United
94%
Santiago-Bernabéu Real Madrid
94%
Emirates Stadium Arsenal
93%
Etihad Stadium Manchester City
93%
Groupama Stadium Olympique Lyonnais
93%
San Siro AC Milan
92%
Johan Cruyff Arena Ajax Amsterdam
90%
Louis II AS Monaco
90%
Bollaert-Delelis RC Lens
90%
Geoffroy-Guichard AS Saint-Étienne
88%
Diego Armando Maradona Naples
88%
Allianz Riviera OGC Nice
86%
Roazhon Park Stade Rennais
82%
St James' Park Newcastle United
74%
Signal Iduna Park Dortmund
73%
Giuseppe-Meazza Inter Milan
73%
Goodison Park Everton
63%
Estádio da Luz Benfica
60%
Stadio Olimpico AS Rome
55%
Ramón Sánchez Pizjuán FC Séville
43%
Mestalla Valence CF
41%
Aucun quiz correspondant
Distribution des résultats
% des personnes avec chaque résultat
Percentile par nombre de réponses
Votre historique - résultats
Vous n’avez pas pris ce quiz depuis la dernière actualisation